Aspectos jurídicos y financieros de la inversión empresarial española en China (Registro nro. 161861)
[ vista simple ]
| 000 -LEADER | |
|---|---|
| fixed length control field | 01498nam a2200337 a 4500 |
| 007 - PHYSICAL DESCRIPTION FIXED FIELD--GENERAL INFORMATION | |
| fixed length control field | cr|||| |||| |
| 008 - FIXED-LENGTH DATA ELEMENTS--GENERAL INFORMATION | |
| fixed length control field | 120531s2012 spc b 000 0 spa c |
| 017 ## - | |
| -- | DL B. 42875-2011 |
| -- | Biblioteca de Catalunya |
| 020 ## - INTERNATIONAL STANDARD BOOK NUMBER | |
| International Standard Book Number | 9788476987797 |
| 035 ## - | |
| -- | 6688 |
| 040 ## - CATALOGING SOURCE | |
| Original cataloging agency | vLex |
| 080 ## - | |
| -- | 339.727.22(51) |
| 090 ## - | |
| -- | 3471 |
| -- | 3471 |
| 245 00 - TITLE STATEMENT | |
| Title | Aspectos jurídicos y financieros de la inversión empresarial española en China |
| Medium | [Recurso electrónico] / |
| Statement of responsibility, etc | director: Ángel Urquizu Cavallé ; Antonia Anguita Morera ... [et al.] |
| 256 ## - | |
| -- | Servicio en línea |
| 260 ## - PUBLICATION, DISTRIBUTION, ETC. (IMPRINT) | |
| Place of publication, distribution, etc | Barcelona : |
| Name of publisher, distributor, etc | J.M. Bosch Editor, |
| Date of publication, distribution, etc | 2012 |
| 300 ## - PHYSICAL DESCRIPTION | |
| Extent | 1 recurso electrónico |
| 504 ## - BIBLIOGRAPHY, ETC. NOTE | |
| Bibliography, etc | Bibliografía |
| 506 1# - RESTRICTIONS ON ACCESS NOTE | |
| Terms governing access | Contenido solo disponible en los productos indicados |
| Authorized users | vLex Global |
| -- | vLex Global (Academic Edition, excluding Law Schools) |
| -- | vLex Global (U.S. Academic Edition, Law Schools) |
| -- | vLex Global (U.S. Academic Edition, excluding Law Schools) |
| -- | vLex Global (Academic Edition, Law Schools) |
| 650 04 - SUBJECT ADDED ENTRY--TOPICAL TERM | |
| Topical term or geographic name as entry element | China |
| General subdivision | Inversiones extrangeras |
| 650 04 - SUBJECT ADDED ENTRY--TOPICAL TERM | |
| Topical term or geographic name as entry element | Inversiones españolas |
| Geographic subdivision | China |
| 650 04 - SUBJECT ADDED ENTRY--TOPICAL TERM | |
| Topical term or geographic name as entry element | Inversiones de capital |
| Geographic subdivision | China |
| 650 04 - SUBJECT ADDED ENTRY--TOPICAL TERM | |
| Topical term or geographic name as entry element | Empresas multinacionales |
| Geographic subdivision | China |
| 700 1# - ADDED ENTRY--PERSONAL NAME | |
| Personal name | Urquizu Caballé, Ángel |
| 700 1# - ADDED ENTRY--PERSONAL NAME | |
| Personal name | Anguita Morera, Antonia |
| 740 0# - | |
| -- | vLex Libros (Servicio en línea) |
| 830 #0 - | |
| -- | Bosch fiscalidad |
| 856 40 - LOCALIZACIÓN Y ACCESO ELECTRÓNICO | |
| Identificador Uniforme del Recurso (URI/URL) | https://app.vlex.com/#/sources/aspectos-juridicos-financieros-inversion-empresarial-espa-ola-china-6688 |
| 942 ## - | |
| -- | RAA |
| 999 ## - | |
| -- | 161861 |
| -- | 161861 |
No hay ítems disponibles.